00293nam a2200121Ia 4500008004100000082001500041100002000056245003900076250000900115260002300124300000800147650001600155191201s2008 xx 000 0 und d a621.3bLED aLEACH, Donald P 0aDigital Principles and Application aRep. aN.DelhibTMHc2008 a683 aB.Tech(ECE)